[Event "IV Festival A"]
[Site "Montecatini Terme ITA"]
[Date "1995.07.??"]
[Round "5"]
[White "Malaniuk, Vladimir P."]
[Black "Nurkic, Sahbaz"]
[Result "1-0"]
[WhiteElo "2580"]
[BlackElo "2420"]
[PlyCount "77"]
[EventDate "1995.07.29"]

1. e4 g6 2. d4 Bg7 3. Nc3 c6 4. Nf3 d5 5. h3 Nf6 6. Bd3 dxe4 7. Nxe4 Nxe4 8.
Bxe4 O-O 9. O-O Nd7 10. Bg5 Nf6 11. Bd3 Qb6 12. Rb1 c5 13. dxc5 Qxc5 14. Qe2 b6
15. Rfe1 e6 16. b4 Qc7 17. Qe5 Qxe5 18. Nxe5 Nd5 19. c4 Bxe5 20. cxd5 Bd6 21.
Bc4 exd5 22. Bxd5 Bf5 23. Bxa8 Bxb1 24. Bd5 Bf5 25. b5 Bd7 26. a4 Bc5 27. Bf6
Rc8 28. g4 Kf8 29. Bg2 Re8 30. Rxe8+ Kxe8 31. Be5 f5 32. g5 Be7 33. Bh8 Be6 34.
Bf6 Bb3 35. Bc6+ Kf8 36. f4 Bxa4 37. Be5 Bxb5 38. h4 Bxc6 39. Kh2 1-0

[Event "IV Festival A"]
[Site "Montecatini Terme ITA"]
[Date "1995.07.??"]
[Round "5"]
[White "Pantaleoni, Claudio"]
[Black "Lagrotteria, Salvatore"]
[Result "1-0"]
[WhiteElo "2230"]
[BlackElo "2175"]
[PlyCount "81"]
[EventDate "1995.07.29"]

1. d4 Nf6 2. Nf3 g6 3. c4 Bg7 4. Nc3 d5 5. Qb3 dxc4 6. Qxc4 O-O 7. e4 Nc6 8.
Be2 Bg4 9. d5 Bxf3 10. gxf3 Na5 11. Qd3 b6 12. e5 Ne8 13. f4 Qd7 14. h4 Rd8 15.
h5 c6 16. Qg3 cxd5 17. Bg4 Qc6 18. hxg6 fxg6 19. Qh3 Nc7 20. Qxh7+ Kf7 21. f5
Rh8 22. e6+ Kf8 23. Qxh8+ Bxh8 24. Rxh8+ Kg7 25. Rxd8 gxf5 26. Bxf5 Nxe6 27.
Rxd5 Nc7 28. Rd4 Qh1+ 29. Ke2 Kf7 30. Be4 Qg1 31. Bf3 Ne6 32. Rg4 Qh2 33. Be3
Qh7 34. Be4 Qh3 35. Rg3 Qh5+ 36. Rf3+ Ke8 37. Rd1 Nc5 38. Rd5 Qg4 39. Bxc5 e6
40. Rd4 Qh5 41. Bg6+ 1-0

[Event "IV Festival A"]
[Site "Montecatini Terme ITA"]
[Date "1995.07.??"]
[Round "5"]
[White "Pieri, Filippo"]
[Black "Bellini, Fabio"]
[Result "0-1"]
[WhiteElo "2220"]
[BlackElo "2350"]
[PlyCount "80"]
[EventDate "1995.07.29"]

1. e4 e6 2. d4 d5 3. Nc3 Nf6 4. Bg5 dxe4 5. Nxe4 Be7 6. Bxf6 Bxf6 7. Nf3 b6 8.
Bd3 Bb7 9. c3 Nd7 10. Qc2 O-O 11. O-O-O Qe7 12. h4 h6 13. Kb1 c5 14. Neg5 Bxf3
15. gxf3 Bxg5 16. hxg5 Qxg5 17. Rdg1 Qf6 18. Qd2 Kh8 19. Bg6 fxg6 20. Rxh6+
gxh6 21. Qxh6+ Kg8 22. Rxg6+ Kf7 23. Qh7+ Ke8 24. Rxf6 Rxf6 25. dxc5 bxc5 26.
Qg8+ Nf8 27. Qg7 Rf7 28. Qe5 Rc8 29. Qe4 Rcc7 30. a3 Rf5 31. Ka2 Rd7 32. Kb3
Kf7 33. Qc6 Re7 34. Qe4 Ng6 35. Qe3 Kg7 36. Ka2 Kh7 37. Qe4 Rf4 38. Qe3 c4 39.
Qc5 Kg7 40. Qg5 e5 0-1

[Event "IV Festival A"]
[Site "Montecatini Terme ITA"]
[Date "1995.07.??"]
[Round "5"]
[White "Rossi, Carlo"]
[Black "Dizdarevic, Emir"]
[Result "0-1"]
[WhiteElo "2330"]
[BlackElo "2500"]
[PlyCount "116"]
[EventDate "1995.07.29"]

1. e4 c6 2. d3 d5 3. Nd2 e5 4. Ngf3 Bd6 5. g3 Nf6 6. Bg2 O-O 7. O-O Re8 8. h3
Nbd7 9. Rb1 Qc7 10. Re1 dxe4 11. dxe4 b5 12. Nh4 Bf8 13. Nf1 Nc5 14. Nh2 Be6
15. b3 Qd7 16. Bg5 Qxd1 17. Rbxd1 Nfd7 18. Nf5 f6 19. Bc1 Nb7 20. Ng4 Rad8 21.
Bb2 Bb4 22. Rf1 Bc5 23. Kh1 h5 24. Nh2 Nb8 25. Kg1 a5 26. Nf3 Na6 27. a3 Nd6
28. Nxd6 Bxd6 29. Rd2 Be7 30. Rfd1 Rxd2 31. Rxd2 a4 32. b4 c5 33. c3 cxb4 34.
cxb4 Nxb4 35. Bf1 Rb8 36. Nxe5 fxe5 37. Bxe5 Rb7 38. axb4 Bxb4 39. Rd8+ Kf7 40.
Ra8 a3 41. Be2 Be7 42. f4 Bc4 43. Bxh5+ g6 44. Bg4 b4 45. f5 Bf6 46. Bd6 Bd4+
47. Kh2 a2 48. e5 a1=Q 49. e6+ Kf6 50. Rxa1 Bxa1 51. Bf3 Ra7 52. e7 Rxe7 53.
Bxe7+ Kxe7 54. Be4 gxf5 55. Bxf5 Kf6 56. Bb1 b3 57. h4 Be6 58. Kg2 Bf5 0-1

[Event "IV Festival A"]
[Site "Montecatini Terme ITA"]
[Date "1995.07.??"]
[Round "5"]
[White "Sulava, Nenad"]
[Black "Djuric, Stefan"]
[Result "1/2-1/2"]
[WhiteElo "2390"]
[BlackElo "2470"]
[PlyCount "80"]
[EventDate "1995.07.29"]

1. Nf3 Nf6 2. g3 g6 3. b3 Bg7 4. Bb2 O-O 5. Bg2 d5 6. c4 c6 7. d3 Nbd7 8. O-O
Re8 9. cxd5 cxd5 10. b4 a5 11. a3 axb4 12. axb4 Rxa1 13. Bxa1 e5 14. Qb3 h6 15.
e3 b6 16. Rd1 Qe7 17. Nc3 e4 18. Nh4 exd3 19. Nf3 Ba6 20. Nxd5 Nxd5 21. Qxd5
Nf6 22. Qb3 Ne4 23. Bxg7 Kxg7 24. b5 Bb7 25. Qxd3 Qf6 26. Qd4 Nc3 27. Qxf6+
Kxf6 28. Rd6+ Re6 29. Rxe6+ fxe6 30. Nd2 Bxg2 31. Kxg2 Nxb5 32. Nc4 Nc3 33.
Nxb6 e5 34. f3 e4 35. fxe4 Nxe4 36. Nd5+ Ke5 37. Nf4 Kf5 38. Nd3 h5 39. Kh3 Kf6
40. Nc1 Ke5 1/2-1/2

[Event "IV Festival A"]
[Site "Montecatini Terme ITA"]
[Date "1995.07.??"]
[Round "5"]
[White "Zlochevskij, Alexander"]
[Black "Iotti, Pierluigi"]
[Result "1/2-1/2"]
[WhiteElo "2465"]
[BlackElo "2275"]
[PlyCount "81"]
[EventDate "1995.07.29"]

1. d4 Nf6 2. Bg5 e6 3. e4 h6 4. Bxf6 Qxf6 5. Nc3 Bb4 6. Qd2 d6 7. a3 Bxc3 8.
bxc3 e5 9. Bb5+ c6 10. Bc4 O-O 11. Ne2 Re8 12. f3 Nd7 13. O-O Nf8 14. f4 exd4
15. e5 Qe7 16. cxd4 dxe5 17. fxe5 Be6 18. Bd3 c5 19. c3 Red8 20. Qe3 Rac8 21.
Rf3 Qc7 22. Rg3 Kh8 23. Rf1 cxd4 24. cxd4 Bc4 25. Bf5 Ne6 26. Bd3 Bxd3 27. Qxd3
Rd7 28. Qe3 Rcd8 29. Rf6 Ng5 30. Rf4 Qc2 31. h3 Ne6 32. Rfg4 b5 33. Kh2 a5 34.
Nc3 Rxd4 35. Ne4 Rd3 36. Qe1 Rxg3 37. Qxg3 Rd3 38. Qh4 Rd4 39. Nd6 Rxg4 40.
Qxg4 Kg8 41. Qf3 1/2-1/2

[Event "IV Festival A"]
[Site "Montecatini Terme ITA"]
[Date "1995.07.??"]
[Round "6"]
[White "Barlocco, Carlo"]
[Black "Barletta, Mauro"]
[Result "0-1"]
[WhiteElo "2160"]
[BlackElo "2230"]
[PlyCount "84"]
[EventDate "1995.07.29"]

1. d4 d5 2. Bf4 Nf6 3. e3 Bf5 4. Nf3 e6 5. Bd3 Bxd3 6. Qxd3 Nbd7 7. c4 c6 8.
Nc3 Be7 9. O-O O-O 10. e4 dxe4 11. Nxe4 Qb6 12. Nxf6+ Nxf6 13. b4 a5 14. bxa5
Rxa5 15. Rfb1 Qa6 16. h3 Ra4 17. Ne5 Rd8 18. Qe3 Ra3 19. Qd2 Bc5 20. Be3 Bxd4
21. Bxd4 c5 22. Qb2 cxd4 23. Qxb7 Qxb7 24. Rxb7 d3 25. Rb3 Rxb3 26. axb3 Kf8
27. f3 Nh5 28. Kf2 d2 29. Rd1 f6 30. Ng4 Nf4 31. Kf1 Ke7 32. Nf2 Rb8 33. g3 Ng6
34. Rxd2 Rxb3 35. Ke2 Ne5 36. Rc2 Nxf3 37. Kf1 Rb1+ 38. Ke2 Nd4+ 39. Kd3 Nxc2
40. Kxc2 Rf1 41. Ne4 f5 42. Nc5 Rf2+ 0-1

[Event "IV Festival A"]
[Site "Montecatini Terme ITA"]
[Date "1995.07.??"]
[Round "6"]
[White "Bellin, Robert Cecil"]
[Black "Zelcic, Robert"]
[Result "0-1"]
[WhiteElo "2405"]
[BlackElo "2500"]
[PlyCount "118"]
[EventDate "1995.07.29"]

1. d4 c5 2. d5 e6 3. Nc3 d6 4. e4 a6 5. dxe6 Bxe6 6. Nf3 h6 7. Be2 Nc6 8. O-O
Nf6 9. Bf4 Be7 10. a4 O-O 11. Qd2 Re8 12. Rad1 Qa5 13. h3 Rad8 14. Rfe1 Qb4 15.
Qc1 Nd4 16. Nxd4 cxd4 17. Nd5 Bxd5 18. exd5 Bf8 19. b3 Nxd5 20. Bd2 Qb6 21. Qb2
g6 22. a5 Qa7 23. b4 Bg7 24. Qb3 Nf6 25. Bd3 d5 26. Rxe8+ Rxe8 27. Re1 Rxe1+
28. Bxe1 Qb8 29. b5 Qe5 30. Kf1 axb5 31. Qxb5 Qc7 32. Kg1 h5 33. Kf1 Bf8 34. g3
h4 35. gxh4 Bc5 36. Bb4 Bxb4 37. Qxb4 Nh5 38. Qxd4 Qxa5 39. Be2 Ng7 40. Bf3
Qb5+ 41. Ke1 Qb1+ 42. Kd2 Ne6 43. Qxd5 Qb4+ 44. Kc1 Nd4 45. Bd1 Nb5 46. Qb3 Qa5
47. Kb2 Nd4 48. Qc3 Qb6+ 49. Kc1 Qf6 50. Qg3 Kg7 51. Kd2 Nf5 52. Qc3 Nxh4 53.
Kd3 Ng2 54. Qxf6+ Kxf6 55. Kd4 Kg5 56. Bf3 Ne1 57. Bxb7 Nxc2+ 58. Kc3 Na3 59.
Ba6 Kf4 0-1

[Event "IV Festival A"]
[Site "Montecatini Terme ITA"]
[Date "1995.07.??"]
[Round "6"]
[White "Bellini, Fabio"]
[Black "Sedina, Elena"]
[Result "1-0"]
[WhiteElo "2350"]
[BlackElo "2350"]
[PlyCount "81"]
[EventDate "1995.07.29"]

1. e4 e6 2. d4 d5 3. exd5 exd5 4. Nf3 Nf6 5. Bg5 Be7 6. Bd3 O-O 7. O-O Bg4 8.
Re1 Nbd7 9. Nbd2 Re8 10. c3 h6 11. Bh4 Nh5 12. Bxe7 Rxe7 13. Qb3 Nf4 14. Bf1
Nb6 15. Ne5 Bf5 16. g3 Nh3+ 17. Kg2 f6 18. Nd3 Ng5 19. Rxe7 Qxe7 20. Re1 Qf7
21. Nc5 Bh3+ 22. Kg1 Bxf1 23. Kxf1 Re8 24. Rxe8+ Qxe8 25. h4 Nf7 26. Nxb7 Qc8
27. Nc5 Nd6 28. Qd1 Qf5 29. b3 Nbc8 30. Qf3 Qh3+ 31. Kg1 Ne7 32. Nf1 c6 33. Ne3
Qc8 34. Ng2 f5 35. Qe3 Ne4 36. f3 Nxc5 37. Qxe7 Nd7 38. Qe6+ Kh8 39. Qxf5 Qe8
40. Kf2 Nf6 41. Nf4 1-0

[Event "IV Festival A"]
[Site "Montecatini Terme ITA"]
[Date "1995.07.??"]
[Round "6"]
[White "Ferretti, Folco"]
[Black "Negro, Roberto"]
[Result "1-0"]
[WhiteElo "2270"]
[BlackElo "2164"]
[PlyCount "49"]
[EventDate "1995.07.29"]

1. e4 Nc6 2. d4 e5 3. dxe5 Nxe5 4. Nf3 Nxf3+ 5. Qxf3 Qf6 6. Qg3 Qg6 7. Bd3 Bb4+
8. Bd2 Bxd2+ 9. Kxd2 Qh6+ 10. f4 Nf6 11. Rf1 d5 12. e5 Ne4+ 13. Bxe4 dxe4 14.
Nc3 e3+ 15. Qxe3 Bf5 16. Rae1 Qxh2 17. Qf2 Qh6 18. Kc1 O-O 19. Rh1 Qe6 20. Qh4
h6 21. g4 Bxg4 22. Reg1 h5 23. Ne4 Rad8 24. b3 Rd4 25. Nf6+ 1-0

[Event "IV Festival A"]
[Site "Montecatini Terme ITA"]
[Date "1995.07.??"]
[Round "6"]
[White "Gazmaga, Stefan"]
[Black "Valenti, Giuseppe"]
[Result "1-0"]
[WhiteElo "2235"]
[BlackElo "2220"]
[PlyCount "97"]
[EventDate "1995.07.29"]

1. c4 e6 2. Nc3 d5 3. d4 Nf6 4. Bg5 Be7 5. e3 O-O 6. cxd5 exd5 7. Bd3 c6 8. Qc2
Nbd7 9. Nf3 Re8 10. O-O-O Nf8 11. h4 Be6 12. Kb1 Rc8 13. Ne5 N6d7 14. Nxd7 Qxd7
15. Rc1 b6 16. Ka1 Bd6 17. h5 b5 18. h6 g6 19. Ne2 b4 20. Bf4 Rc7 21. Bxd6 Qxd6
22. Qd2 Nd7 23. Nf4 a5 24. Be2 a4 25. Nd3 Rb8 26. Nc5 Ra7 27. Nxd7 Bxd7 28. Rc5
a3 29. b3 Qf6 30. Bd3 Be8 31. Kb1 Re7 32. Ra5 Reb7 33. Kc1 Qe7 34. Kd1 Bd7 35.
Ke2 Qg5 36. Kf1 Re8 37. Rc5 Re6 38. Ra5 Re8 39. Ba6 Rbb8 40. Bd3 Rb7 41. Qc2
Qf6 42. Kg1 Qg5 43. Qc5 Rxe3 44. Qc1 Qd8 45. Qxe3 Qxa5 46. Qe5 Kf8 47. Qh8+ Ke7
48. Qxh7 Qc7 49. Qg7 1-0

[Event "IV Festival A"]
[Site "Montecatini Terme ITA"]
[Date "1995.07.??"]
[Round "6"]
[White "Lagrotteria, Salvatore"]
[Black "Popa, Claudio"]
[Result "1/2-1/2"]
[WhiteElo "2175"]
[BlackElo "1961"]
[PlyCount "160"]
[EventDate "1995.07.29"]

1. Nf3 Nf6 2. d4 d5 3. c4 e6 4. Nc3 c6 5. e3 Bd6 6. b3 Bb4 7. Bd2 Nbd7 8. a3
Bd6 9. Be2 O-O 10. O-O Ne4 11. b4 a6 12. Ra2 Ndf6 13. Ne5 Nxc3 14. Bxc3 Ne4 15.
Qb3 Bxe5 16. dxe5 Nxc3 17. Qxc3 Bd7 18. Rd2 Qe7 19. Rfd1 b5 20. c5 Ra7 21. f4
f5 22. exf6 Qxf6 23. Qxf6 Rxf6 24. g3 Be8 25. h4 Bg6 26. a4 Rf8 27. Ra1 Rc7 28.
axb5 axb5 29. Ra6 Re8 30. Rda2 Rec8 31. Kf2 Kf8 32. Ke1 Ke7 33. Kd2 Kf6 34. Kc3
h6 35. Ra7 Be8 36. Kd4 h5 37. Rxc7 Rxc7 38. Ra8 Bf7 39. Bf3 g6 40. e4 Re7 41.
Rc8 Be8 42. g4 hxg4 43. Bxg4 e5+ 44. fxe5+ Rxe5 45. Bf3 dxe4 46. Bxe4 Re6 47.
Rc7 g5 48. h5 Bxh5 49. Rxc6 Be8 50. Rxe6+ Kxe6 51. Bd5+ Ke7 52. Ke5 Bd7 53. Bb7
Bg4 54. Bc6 Be2 55. Kf5 g4 56. Kf4 Ke6 57. Bb7 Bd1 58. Bc8+ Kd5 59. Bxg4 Bb3
60. Bd7 Bc4 61. Ke3 Ke5 62. Be8 Bf1 63. Bc6 Bc4 64. Kf2 Kd4 65. Bd7 Bd5 66.
Bxb5 Kc3 67. Ke3 Bb7 68. Bd3 Kxb4 69. Kd4 Bc6 70. Be2 Bg2 71. Bc4 Bc6 72. Bd5
Kb5 73. Be6 Ka6 74. Ke5 Kb7 75. Kd6 Bf3 76. Bf5 Bg2 77. Bg4 Be4 78. Bh3 Bf3 79.
Bf5 Bg2 80. Be6 Bf3 1/2-1/2

[Event "IV Festival A"]
[Site "Montecatini Terme ITA"]
[Date "1995.07.??"]
[Round "6"]
[White "Niermann, Michael"]
[Black "Nurkic, Sahbaz"]
[Result "0-1"]
[WhiteElo "2285"]
[BlackElo "2420"]
[PlyCount "160"]
[EventDate "1995.07.29"]

1. Nf3 Nf6 2. g3 g6 3. Bg2 Bg7 4. O-O O-O 5. d3 d6 6. e4 e5 7. Nbd2 Nc6 8. a4
d5 9. c3 h6 10. a5 dxe4 11. dxe4 Be6 12. Qa4 a6 13. Re1 Qc8 14. Nc4 Nd7 15. Be3
Re8 16. Nfd2 Bf8 17. Qd1 Nf6 18. f3 Rd8 19. Qe2 Nd7 20. b4 Na7 21. f4 Nb5 22.
Rac1 exf4 23. gxf4 Bg7 24. Nb1 Nf6 25. Ne5 Ng4 26. Nxg4 Bxg4 27. Qf2 Bh3 28.
Bf3 Bg4 29. Bg2 Kh7 30. Qg3 Qd7 31. Kh1 Re8 32. Rg1 Rad8 33. Rc2 Qc8 34. h3 Bh5
35. Bc1 c5 36. Rf2 cxb4 37. cxb4 Qc4 38. f5 Nd6 39. Nd2 Qxb4 40. Bf3 Nxe4 41.
Bxe4 Rxe4 42. fxg6+ fxg6 43. Nxe4 Qxe4+ 44. Qg2 Qe6 45. Rgf1 Rd3 46. Kh2 g5 47.
Bb2 Qd6+ 48. Kh1 Qd7 49. Bxg7 Rxh3+ 50. Kg1 Kxg7 51. Rd2 Qg4 52. Qxg4 Bxg4 53.
Rc1 Bf3 54. Rc7+ Kg6 55. Rd6+ Kf5 56. Kf2 Bc6 57. Rf7+ Ke5 58. Rff6 Rh2+ 59.
Kg3 Rg2+ 60. Kh3 Rg1 61. Rxh6 Bd5 62. Rb6 g4+ 63. Kh4 g3 64. Rhd6 Kf4 65. Rb4+
Be4 66. Rf6+ Ke5 67. Rf7 g2 68. Kg3 Rf1 69. Rxe4+ Kxe4 70. Re7+ Kd5 71. Kxg2
Rb1 72. Re2 Rb5 73. Ra2 Kc4 74. Kf1 Kb3 75. Ra1 Rb4 76. Ke2 Kb2 77. Rd1 Rb5 78.
Rd7 Kc3 79. Rc7+ Kb4 80. Rc1 Kxa5 0-1

[Event "IV Festival A"]
[Site "Montecatini Terme ITA"]
[Date "1995.07.??"]
[Round "6"]
[White "Pastorini, Mario"]
[Black "Mauro, Alan"]
[Result "1-0"]
[WhiteElo "2210"]
[BlackElo "2350"]
[PlyCount "107"]
[EventDate "1995.07.29"]

1. c4 Nf6 2. Nc3 g6 3. g3 Bg7 4. Bg2 O-O 5. Nf3 d6 6. O-O Nc6 7. d3 e5 8. Rb1
a5 9. Bg5 h6 10. Bxf6 Qxf6 11. a3 Bf5 12. b4 axb4 13. axb4 Rab8 14. Nd5 Qd8 15.
Ne1 Qd7 16. Nc2 Nd4 17. b5 c6 18. bxc6 bxc6 19. Ndb4 c5 20. Nxd4 exd4 21. Nd5
Bh3 22. Bxh3 Qxh3 23. Rxb8 Rxb8 24. Qa4 Qe6 25. Re1 g5 26. Qa5 Kh7 27. Nc7 Qe5
28. Qa7 Rb2 29. Nd5 Qe6 30. Qe7 Qxe7 31. Nxe7 g4 32. Kg2 h5 33. f3 Bh6 34. f4
Bf8 35. Nd5 Kg6 36. Kf2 h4 37. gxh4 Kf5 38. Kg3 Bh6 39. h3 gxh3 40. Kxh3 Ra2
41. Kg3 Bg7 42. Kf3 Bf6 43. Rh1 Ra8 44. h5 Rh8 45. Nxf6 Kxf6 46. h6 Ke6 47. Kg4
Kf6 48. h7 Kg6 49. f5+ Kg7 50. Kf4 f6 51. Ke4 Re8+ 52. Kd5 Kh8 53. Kxd6 Re5 54.
Rh5 1-0

[Event "IV Festival A"]
[Site "Montecatini Terme ITA"]
[Date "1995.07.??"]
[Round "6"]
[White "Sulava, Nenad"]
[Black "Malaniuk, Vladimir P."]
[Result "1-0"]
[WhiteElo "2390"]
[BlackElo "2580"]
[PlyCount "64"]
[EventDate "1995.07.29"]

1. d4 f5 2. Nf3 Nf6 3. c4 g6 4. Nc3 Bg7 5. e3 d6 6. b4 c5 7. a3 O-O 8. Bb2 Nc6
9. d5 cxb4 10. Nb5 bxa3 11. Bxf6 Bxf6 12. dxc6 Qa5+ 13. Nd2 Bxa1 14. cxb7 Bxb7
15. Qxa1 a2 16. Bd3 Bxg2 17. Rg1 Be4 18. Ke2 Bxd3+ 19. Kxd3 Rab8 20. Nc3 d5 21.
Nxd5 Rfd8 22. Qe5 Qa3+ 23. Qc3 Qa6 24. e4 fxe4+ 25. Ke3 Qd6 26. Nxe4 Qe6 27.
Rc1 Qh3+ 28. Kd2 Qh4 29. Qe5 Qh6+ 30. Kc2 Qh3 31. Nxe7+ Kf8 32. Qh8+ Kxe7 1-0

[Event "IV Festival A"]
[Site "Montecatini Terme ITA"]
[Date "1995.07.??"]
[Round "6"]
[White "Vezzosi, Paolo"]
[Black "Zlochevskij, Alexander"]
[Result "1/2-1/2"]
[WhiteElo "2305"]
[BlackElo "2465"]
[PlyCount "47"]
[EventDate "1995.07.29"]

1. e4 e6 2. d4 d5 3. Nc3 Nf6 4. Bg5 Be7 5. e5 Nfd7 6. Bxe7 Qxe7 7. f4 a6 8. Nf3
c5 9. Qd2 Nc6 10. dxc5 Qxc5 11. O-O-O Nb6 12. Nd4 Bd7 13. Nb3 Qe7 14. Qe3 Qd8
15. h4 Qe7 16. h5 Rc8 17. Qc5 Qd8 18. h6 g6 19. Qe3 O-O 20. g4 Qc7 21. Bd3 Nb4
22. Kb1 Na4 23. Nxa4 Bxa4 24. c3 1/2-1/2

[Event "IV Festival A"]
[Site "Montecatini Terme ITA"]
[Date "1995.07.??"]
[Round "7"]
[White "Anceschi, Vittorio"]
[Black "Dizdarevic, Emir"]
[Result "0-1"]
[WhiteElo "2280"]
[BlackElo "2500"]
[PlyCount "82"]
[EventDate "1995.07.29"]

1. e4 c5 2. Nc3 e6 3. g3 d5 4. Bg2 Nf6 5. Nge2 d4 6. Nb1 d3 7. cxd3 Nc6 8. O-O
Be7 9. d4 cxd4 10. d3 O-O 11. h3 Nd7 12. Nd2 a5 13. Nf3 Nc5 14. Ne1 a4 15. f4
b6 16. e5 Bb7 17. Bd2 Qd7 18. Rb1 Ba6 19. Nc1 Rac8 20. Qe2 Bb5 21. Kh2 Na6 22.
Be4 Nc5 23. Bg2 Rfe8 24. h4 f5 25. exf6 Bxf6 26. Bh3 Rcd8 27. Nf3 Qc7 28. Ng5
Bxg5 29. hxg5 e5 30. f5 e4 31. g6 e3 32. Be1 Ne4 33. gxh7+ Kh8 34. b3 a3 35. b4
Ne5 36. Rf4 Nc3 37. Bxc3 dxc3 38. f6 gxf6 39. Bf5 Nc6 40. Re4 Nd4 41. Qxe3 Nxf5
0-1

[Event "IV Festival A"]
[Site "Montecatini Terme ITA"]
[Date "1995.07.??"]
[Round "7"]
[White "Borgo, Giulio"]
[Black "Bellin, Robert Cecil"]
[Result "0-1"]
[WhiteElo "2345"]
[BlackElo "2405"]
[PlyCount "124"]
[EventDate "1995.07.29"]

1. e4 c5 2. Nf3 d6 3. d4 cxd4 4. Nxd4 Nf6 5. f3 Nc6 6. c4 Nxd4 7. Qxd4 g6 8.
Nc3 Bg7 9. Be3 O-O 10. Qd2 Be6 11. Rc1 a6 12. Be2 Qa5 13. O-O Rfc8 14. b3 b5
15. Nd5 Qxd2 16. Bxd2 Nxd5 17. cxd5 Bd4+ 18. Kh1 Bd7 19. Rxc8+ Rxc8 20. Rc1
Rxc1+ 21. Bxc1 a5 22. g3 b4 23. a3 Bh3 24. axb4 axb4 25. Bh6 f6 26. Bd2 Bc5 27.
Bh6 Kf7 28. Bb5 e5 29. Ba6 Ke7 30. Bb5 Kd8 31. g4 Ke7 32. Bd3 g5 33. Ba6 Kf7
34. Bb5 Bb6 35. Ba6 Bd4 36. Bb5 Bc5 37. Ba6 Kg6 38. Bf8 h5 39. Be2 hxg4 40.
fxg4 Kf7 41. Bh6 Bb6 42. Bd1 Bf1 43. Bc2 Bc5 44. h4 Kg6 45. hxg5 fxg5 46. Bf8
Be2 47. Kg2 Bxg4 48. Be7 Be2 49. Kg3 g4 50. Kg2 Bf3+ 51. Kg3 Kf7 52. Bg5 Ke8
53. Bd2 Be2 54. Be1 Kd7 55. Bd2 Kc7 56. Bg5 Bd4 57. Be7 Be3 58. Bf8 Kd7 59. Kh2
Bf4+ 60. Kg1 Bf3 61. Kf2 Bh2 62. Bh6 Bh1 0-1

[Event "IV Festival A"]
[Site "Montecatini Terme ITA"]
[Date "1995.07.??"]
[Round "7"]
[White "Drasko, Milan"]
[Black "Bellini, Fabio"]
[Result "1-0"]
[WhiteElo "2505"]
[BlackElo "2350"]
[PlyCount "113"]
[EventDate "1995.07.29"]

1. d4 Nf6 2. c4 e6 3. Nc3 d5 4. cxd5 exd5 5. Bg5 c6 6. e3 Bf5 7. Qf3 Bg6 8.
Bxf6 Qxf6 9. Qxf6 gxf6 10. h4 h5 11. Nh3 Nd7 12. Nf4 Bd6 13. g3 Bxf4 14. gxf4
Bf5 15. f3 Rd8 16. Kf2 Nb6 17. Be2 Ke7 18. b4 Be6 19. a4 f5 20. a5 Nc8 21. b5
Nd6 22. Rhb1 Rc8 23. bxc6 bxc6 24. Na4 f6 25. Nc5 Bf7 26. a6 Rhg8 27. Bd3 Rc7
28. Rb4 Be6 29. Rc1 Bd7 30. Nb3 Ke6 31. Rc2 Ke7 32. Na5 Rgc8 33. Rc5 Nf7 34. e4
fxe4 35. fxe4 dxe4 36. Bxe4 Nd6 37. Bd3 f5 38. Rb1 Be6 39. Re5 Kf6 40. Nb7 Nf7
41. Rg1 Rh8 42. Nc5 Bc8 43. Be2 Nd6 44. Rg5 Rch7 45. Bf3 Bd7 46. Bxc6 Bxc6 47.
Re6+ Kf7 48. Rxd6 Rh6 49. Rxf5+ Ke7 50. Rxh6 Rxh6 51. d5 Bd7 52. Nxd7 Kxd7 53.
Rf7+ Kd6 54. Rxa7 Kxd5 55. Ra8 Kc6 56. Kf3 Rd6 57. Ke4 1-0

[Event "IV Festival A"]
[Site "Montecatini Terme ITA"]
[Date "1995.07.??"]
[Round "7"]
[White "Gazmaga, Stefan"]
[Black "Vezzosi, Paolo"]
[Result "0-1"]
[WhiteElo "2235"]
[BlackElo "2305"]
[PlyCount "82"]
[EventDate "1995.07.29"]

1. c4 Nf6 2. Nc3 c5 3. Nf3 g6 4. d4 cxd4 5. Nxd4 Bg7 6. e4 d6 7. f3 O-O 8. Be3
Nc6 9. Qd2 Bd7 10. Be2 Nxd4 11. Bxd4 Bc6 12. O-O a5 13. Rac1 a4 14. Nd5 Bxd5
15. cxd5 Nd7 16. Bxg7 Kxg7 17. Qd4+ f6 18. f4 Nc5 19. h4 Qb6 20. h5 Rfc8 21.
Bg4 Rc7 22. e5 Ra5 23. Be2 Rc8 24. Kh2 Nd7 25. exf6+ exf6 26. Qe4 Rxc1 27. Rxc1
Qd8 28. Qd4 Rc5 29. Rh1 Nb6 30. Bf3 Rc4 31. Qe3 g5 32. h6+ Kxh6 33. Kg3+ Kg7
34. fxg5 fxg5 35. Qe6 Rh4 36. Rxh4 gxh4+ 37. Kg4 Nc4 38. b3 Ne5+ 39. Kh5 Ng6
40. Qe1 Qf6 41. Qe3 Nf4+ 0-1

[Event "IV Festival A"]
[Site "Montecatini Terme ITA"]
[Date "1995.07.??"]
[Round "7"]
[White "Malaniuk, Vladimir P."]
[Black "Efimov, Igor"]
[Result "1-0"]
[WhiteElo "2580"]
[BlackElo "2450"]
[PlyCount "113"]
[EventDate "1995.07.29"]

1. d4 d5 2. c4 e6 3. e3 Nf6 4. Nf3 c5 5. a3 a6 6. dxc5 Bxc5 7. b4 Ba7 8. Bb2
O-O 9. Nbd2 Nc6 10. Qc2 Bd7 11. Rd1 Rc8 12. Qb1 Qe7 13. Bd3 h6 14. O-O Rfd8 15.
Qa1 Be8 16. h3 Nb8 17. Rc1 dxc4 18. Bxc4 Ba4 19. Rfe1 Nbd7 20. Bf1 Bb8 21. e4
Rc6 22. g3 Rdc8 23. Nc4 Ba7 24. e5 Nd5 25. Na5 Rc2 26. Bd4 Bxd4 27. Nxd4 R2c3
28. Nxb7 Qg5 29. Nc5 Rxc1 30. Qxc1 Qxc1 31. Rxc1 a5 32. Ne2 axb4 33. Nxa4 Ra8
34. Nb2 bxa3 35. Nd3 a2 36. Ra1 Ra3 37. Nec1 Nc3 38. f4 Nb6 39. Nb4 Nbd5 40.
Nc2 Ra4 41. Bd3 h5 42. h4 g6 43. Kf2 Kg7 44. Ne2 Ne4+ 45. Bxe4 Rxe4 46. Ncd4
Re3 47. Rxa2 Rd3 48. Ra7 Kg8 49. Ra8+ Kg7 50. Rd8 Ra3 51. Rd7 Kf8 52. Nb5 Ra2
53. Kf3 Rb2 54. Nd6 Rb3+ 55. Kf2 Rb2 56. Rxf7+ Kg8 57. Rb7 1-0

[Event "IV Festival A"]
[Site "Montecatini Terme ITA"]
[Date "1995.07.??"]
[Round "7"]
[White "Sebastianelli, Diego"]
[Black "Sarno, Spartaco"]
[Result "0-1"]
[WhiteElo "2360"]
[BlackElo "2405"]
[PlyCount "78"]
[EventDate "1995.07.29"]

1. e4 d6 2. d4 Nf6 3. Nc3 g6 4. Bg5 c6 5. Qd2 b5 6. Bd3 Nbd7 7. f4 h6 8. Bh4
Bg7 9. e5 b4 10. Nce2 Nd5 11. Nf3 Qc7 12. c4 bxc3 13. bxc3 c5 14. O-O N7b6 15.
a3 c4 16. Bc2 Be6 17. Ng3 Qd7 18. f5 gxf5 19. exd6 exd6 20. Nh5 O-O 21. Kh1 Nc8
22. Ng1 Nce7 23. Nxg7 Kxg7 24. Nh3 Ng6 25. Bg3 Rab8 26. Rab1 Rxb1 27. Rxb1 Kh7
28. Nf4 Rg8 29. Nh5 Qd8 30. Rb7 Qg5 31. Qxg5 hxg5 32. Bxd6 Kh6 33. Ng3 Ne3 34.
Bb1 Bd5 35. Rxa7 Re8 36. Bxf5 Ng4 37. Be7 Nxe7 38. Bxg4 Nc6 39. Nf5+ Kh7 0-1

[Event "IV Festival A"]
[Site "Montecatini Terme ITA"]
[Date "1995.07.??"]
[Round "7"]
[White "Zelcic, Robert"]
[Black "Sulava, Nenad"]
[Result "1-0"]
[WhiteElo "2500"]
[BlackElo "2390"]
[PlyCount "114"]
[EventDate "1995.07.29"]

1. e4 e6 2. d4 d5 3. Nc3 Bb4 4. e5 c5 5. Bd2 Ne7 6. dxc5 Na6 7. f4 O-O 8. Bd3
f6 9. Nf3 Bxc5 10. exf6 Rxf6 11. Qe2 Nb4 12. O-O-O Bd7 13. Kb1 Nxd3 14. Qxd3
Be8 15. g4 Bg6 16. Qe2 Nc6 17. f5 exf5 18. Bg5 fxg4 19. Nxd5 gxf3 20. Qc4 Kh8
21. Bxf6 Qf8 22. Bc3 Re8 23. Rhf1 Re4 24. Qb5 Nd4 25. Bxd4 Bxd4 26. Ka1 f2 27.
c3 Be5 28. Qxb7 Bxh2 29. c4 Bg3 30. Nc3 Re1 31. Qd5 Bc2 32. Qd2 Bxd1 33. Qxe1
Bg4 34. Nd1 Bh3 35. Rxf2 Bxf2 36. Nxf2 Bf5 37. Qe5 h5 38. b4 h4 39. c5 Kh7 40.
Kb2 g5 41. Ne4 Bxe4 42. Qxe4+ Kh6 43. c6 h3 44. Qe6+ Kg7 45. Qd7+ Kf6 46. Qd4+
Kg6 47. c7 Kh5 48. Qc3 Qc8 49. Qe5 Qf8 50. Qc5 Qc8 51. Qc2 Kg4 52. Qd1+ Kg3 53.
Qd8 Qg4 54. c8=Q Qxb4+ 55. Kc1 Qa3+ 56. Kd1 Qf3+ 57. Kc2 g4 1-0

[Event "IV Festival A"]
[Site "Montecatini Terme ITA"]
[Date "1995.07.??"]
[Round "8"]
[White "Djuric, Stefan"]
[Black "Vezzosi, Paolo"]
[Result "1-0"]
[WhiteElo "2470"]
[BlackElo "2305"]
[PlyCount "57"]
[EventDate "1995.07.29"]

1. c4 Nf6 2. Nf3 c5 3. Nc3 d5 4. cxd5 Nxd5 5. e3 Nc6 6. Bb5 Ndb4 7. O-O a6 8.
Bxc6+ Nxc6 9. d4 e6 10. b3 cxd4 11. exd4 Be7 12. Bb2 O-O 13. Re1 Bb4 14. Rc1 b6
15. a3 Bxc3 16. Rxc3 Bb7 17. Qd2 Qd5 18. Qf4 Rac8 19. Qh4 f6 20. Qh3 Rfe8 21.
Rce3 Nd8 22. Nd2 Rc2 23. Bc3 Re7 24. Qf3 Nc6 25. Nc4 Kh8 26. Nxb6 Qd8 27. Nc4
Bc8 28. Nd6 Bd7 29. d5 1-0